000 01208 a2200205 4500
001 41407
005 20260407155708.0
008 260407a1975 arg spa d
003 AR-UNSa-BCEJYS
040 _aAR-UNSa-BCEJYS
_bspa
_cAR-UNSa-BCEJYS
080 _a35.077.3
_xProcedimiento administrativo (licitación pública...)
245 1 0 _aTratado general de procedimiento administrativo
_pcon la explicación completa de la Ley 19.549 y decretos reglamentarios 1759/72 y 1744/73
264 1 _aBuenos Aires :
_bEdiciones Depalma
_c1975
300 _axvii, 500 p.
_c23 cm.
505 _a1. El procedimiento administrativo - 2. El acto administrativo - 3. Las irregularidades del acto administrativo y sus efectos - 4. Los principios generales del procedimiento administrativo - 5. Las partes en el procedimiento administrativo - 6. Los actos del procedimiento - 7. Los recursos administrativos - 8. Efectos de la interposición y resolución de los recursos administrativos - 9. El recurso de reposición - 10. El recurso jerárquico - 11. El recurso de alzada - 12. Otros medios recursivos
041 _aspa
942 _cBK
590 _aniveau_biblio:m niveau_hierar:0
100 1 _aEscola, Héctor Jorge
999 _c3503
_d3503